[Event "Euskadi ch"]
[Site "Zornotza"]
[Date "2012.04.11"]
[Round "3"]
[White "Alcaide Luque, Aitor"]
[Black "Prieto Aranguren, Alain"]
[Result "0-1"]
[WhiteElo "2135"]
[BlackElo "2219"]

1.c4 e5 2.g3 Nf6 3.Bg2 g6 4.Nc3 Bg7 5.d3 O-O 6.e4 Nc6 7.Nge2 d6 8.Rb1 a5 
9.O-O Nd7 10.Be3 Nc5 11.Qd2 Nd4 12.b4 axb4 13.Rxb4 Ra3 14.Nc1 c6 15.Nb1 
Ra8 16.Qb2 Na4 17.Qd2 c5 18.Rb3 Nxb3 19.axb3 Nb6 20.Nc3 Be6 21.Nb5 Qd7 22.
Ne2 Nc8 23.Rb1 Na7 24.Nbc3 Nc6 25.Na4 Qc7 26.Nec3 Nd4 27.Qd1 Qa5 28.Bd2 
Qa6 29.Bf1 Qc6 30.Rb2 Ra6 31.Be3 Qd7 32.f3 f5 33.Bg2 f4 34.Bf2 fxg3 35.
hxg3 Bh3 36.Bxd4 cxd4 37.Nd5 Bxg2 38.Kxg2 b5 39.cxb5 Ra5 40.b6 Bh6 41.Rc2 
Rxd5 42.exd5 Qb5 43.Rc7 Qxd5 44.b7 Be3 45.Nb6 Qa5 46.Qh1 h5 47.Na8 Qd2+ 
48.Kh3 Qxd3 49.Rc8 Qxb3 50.f4 Qe6+ 51.Kh2 Rxc8 52.bxc8=Q+ Qxc8 53.Qd5+ Kg7
54.fxe5 Qc2+ 55.Kh3 Qf5+ 56.Kg2 dxe5 0-1

[Event "Euskadi ch"]
[Site "Zornotza"]
[Date "2012.04.11"]
[Round "3"]
[White "Villalta Bustillo, Igor"]
[Black "Uriarte Prieto, Goyo"]
[Result "1-0"]
[WhiteElo "2185"]
[BlackElo "2039"]

1.b3 e5 2.Bb2 Nc6 3.e3 Nf6 4.Bb5 d6 5.d4 exd4 6.Qxd4 Bd7 7.Bxc6 Bxc6 8.Nf3
Qd7 9.c4 Be7 10.Nc3 Qg4 11.Qxg4 Nxg4 12.Nd4 Bf6 13.Nxc6 bxc6 14.h3 Ne5 15.
O-O-O Nd7 16.Ne2 Ke7 17.Nd4 Bxd4 18.Bxd4 f6 19.e4 c5 20.Bc3 a5 21.a4 Rhb8 
22.Kc2 Rb7 23.f4 Rb6 24.Rhe1 g6 25.Rd2 Nf8 26.g4 Rab8 27.Re3 Ne6 28.e5 
fxe5 29.fxe5 Kd7 30.exd6 cxd6 31.Red3 Rxb3 32.Rxd6+ Ke7 33.R6d3 R3b6 34.
Rd7+ Ke8 35.Rxh7 Nd4+ 36.Bxd4 cxd4 37.Rh8+ Kf7 38.Rxb8 Rxb8 39.Kd3 Rb4 40.
Kxd4 Rxa4 41.Rd3 Kf6 42.Kc5 Ra1 43.Rd6+ Kf7 44.Ra6 Ra3 45.Kd6 Rc3 46.Ke5 
Ke8 47.Rxa5 Rxc4 48.Kf6 Rc6+ 49.Kg7 Rc3 50.Re5+ Kd7 51.Kxg6 Rxh3 52.g5 Kd6
53.Re1 Rf3 54.Kg7 Rg3 55.g6 Rh3 56.Kg8 Rg3 57.g7 Kd7 58.Re4 Rh3 1-0

[Event "Euskadi ch"]
[Site "Zornotza"]
[Date "2012.04.11"]
[Round "3"]
[White "Diez Fraile, David"]
[Black "Cucarella Montell, Angels"]
[Result "1-0"]
[WhiteElo "2185"]
[BlackElo "1950"]

1.Nf3 c5 2.b3 d6 3.Bb2 e5 4.e3 e4 5.Ng1 Nf6 6.d3 Be6 7.dxe4 Nxe4 8.Nf3 Nd7
9.Bd3 Ndf6 10.O-O Be7 11.Nbd2 Nxd2 12.Qxd2 Qd7 13.e4 O-O 14.c4 Ne8 15.Rad1
Qc7 16.Ng5 Bg4 17.f3 Bh5 18.e5 Bg6 19.Bxg6 hxg6 20.e6 f5 21.Rfe1 Qd8 22.
Nf7 Qc7 23.Re2 Rxf7 24.exf7+ Kxf7 25.Rde1 Bf6 26.Re6 Qd7 27.Bxf6 gxf6 28.
Qd5 Kf8 29.Re7 1-0

[Event "Euskadi ch"]
[Site "Zornotza"]
[Date "2012.04.11"]
[Round "3"]
[White "Arias Garcia, Luis Javier"]
[Black "Albo Ruiz, Jose Martin"]
[Result "1-0"]
[WhiteElo "2168"]
[BlackElo "1890"]

1.e4 e5 2.Nf3 d6 3.d4 exd4 4.Nxd4 Nf6 5.Nc3 Be7 6.Bc4 O-O 7.Bb3 c5 8.Nde2 
Re8 9.O-O Nbd7 10.Ng3 Nb6 11.a4 Be6 12.Bxe6 fxe6 13.Bf4 Nc4 14.Qd3 Nb6 15.
Rfd1 d5 16.Qf3 Rf8 17.e5 Ne8 18.Qg4 Kh8 19.Nce4 Qd7 20.a5 Nc8 21.c4 Qc6 
22.Nd2 g6 23.h4 Ng7 24.Bh6 Rf7 25.cxd5 exd5 26.Bxg7+ Rxg7 27.Nf3 Bf8 28.
Ng5 Ne7 29.f4 Re8 30.Qh3 Ng8 31.h5 b5 32.hxg6 Qxg6 33.Nf5 d4 34.Nxg7 Bxg7 
35.Qd3 Re7 36.Qxb5 Bxe5 37.Nh3 Bd6 38.Re1 Rg7 39.Qe2 d3 40.Qf3 c4 41.f5 
Qf6 42.Rab1 Be5 43.Qe4 Bd4+ 44.Kh1 Ne7 45.Rf1 h5 46.Qe6 Bxb2 47.Qxc4 Rg3 
48.Qf4 Be5 49.Qe4 d2 50.Rbd1 Rg4 51.Qf3 Qd6 52.f6 Ng6 53.f7 Nf8 54.Qf5 Rh4
55.Qg5 Rxh3+ 56.gxh3 Qd5+ 57.Qg2 Qxg2+ 58.Kxg2 Bc3 59.Rf3 Bxa5 60.Rg3 Kh7 
61.Rg8 Bb4 62.Kf3 a5 63.Ke2 a4 64.Rxd2 a3 65.Ra2 h4 66.Kd3 Ng6 67.Kc4 Bf8 
68.Kb3 Kh6 69.Rg2 1-0

[Event "Euskadi ch"]
[Site "Zornotza"]
[Date "2012.04.11"]
[Round "3"]
[White "Ruiz Abad, Juan Manuel"]
[Black "Diaz Herrero, Alvaro"]
[Result "1-0"]
[WhiteElo "1980"]
[BlackElo "2132"]

1.e4 e5 2.Nf3 d6 3.d4 exd4 4.Nxd4 Nf6 5.Nc3 Be7 6.Bc4 O-O 7.O-O c6 8.a4 
Nxe4 9.Nxe4 d5 10.Bd3 dxe4 11.Bxe4 Bf6 12.c3 Na6 13.Be3 Nc7 14.Qc2 g6 15.
Rad1 Qe7 16.Bf3 Ne6 17.Rfe1 Qc7 18.b4 Re8 19.Nb3 Ng7 20.Qc1 Be5 21.g3 Be6 
22.Nc5 h5 23.Nxe6 Nxe6 24.Rd3 h4 25.Red1 hxg3 26.hxg3 Qe7 27.Bg2 Red8 28.
Rxd8+ Rxd8 29.Rxd8+ Qxd8 30.Bxa7 Qa8 31.Qe3 Bxc3 32.b5 c5 33.Bxc5 Nxc5 34.
Qxc3 Nxa4 35.Qc7 Qe8 36.Qxb7 Kg7 37.Bf1 Qe1 38.Kg2 Nc5 39.Qf3 Ne4 40.Qe3 
Qb4 41.Qd3 f5 42.Be2 Nc3 43.Qc4 Qa5 44.Bd3 Na4 45.Qd4+ Kh7 46.Qd7+ Kh6 47.
Qc6 Kg7 48.Bc4 Qe1 49.Bd5 Qb4 50.Qc7+ Kf6 51.Qf7+ Kg5 52.Qg7 Qd2 53.Bf7 
Qd6 54.f4+ Kh5 55.Qh7+ Kg4 1-0

[Event "Euskadi ch"]
[Site "Zornotza"]
[Date "2012.04.11"]
[Round "3"]
[White "Perez De Miguel, Alvaro"]
[Black "Martinez Pelaez, David"]
[Result "1-0"]
[WhiteElo "2190"]
[BlackElo "1987"]

1.d4 d5 2.Nf3 Nf6 3.e3 c6 4.c4 e6 5.Nc3 Nbd7 6.Bd3 Bd6 7.O-O O-O 8.e4 dxe4
9.Nxe4 Nxe4 10.Bxe4 h6 11.Bc2 e5 12.Re1 exd4 13.Qxd4 Bc5 14.Qf4 Nf6 15.Ne5
Be6 16.Qg3 Nh5 17.Qf3 Nf6 18.Bf4 Qd4 19.Re2 Be7 20.Rd1 Qc5 21.Qc3 Rfd8 22.
Nd3 Qh5 23.Re5 Qg4 24.f3 Rxd3 25.Bxd3 Qxf4 26.g3 Bb4 27.gxf4 Bxc3 28.bxc3 
Nd7 29.Re3 Bh3 30.f5 Nc5 31.Bc2 g6 32.fxg6 fxg6 33.Bxg6 Kh8 34.Kf2 Rg8 35.
Re8 Rxe8 36.Bxe8 Be6 37.Rd4 Kg7 38.Ke3 Na4 39.Bd7 Bf7 40.Bc8 b6 41.Bd7 
Nxc3 42.Bxc6 Nxa2 43.Rd7 Nb4 44.Bd5 Nxd5+ 45.cxd5 Kf6 46.Kd4 Bh5 47.Rxa7 
1-0

[Event "Euskadi ch"]
[Site "Zornotza"]
[Date "2012.04.11"]
[Round "3"]
[White "Ladron De Guevara Galar, Fco Ja"]
[Black "Hernandez Perez, Jesus"]
[Result "1-0"]
[WhiteElo "2139"]
[BlackElo "2022"]

1.d4 d5 2.Nf3 Bg4 3.Ne5 Bf5 4.c4 f6 5.Nf3 c6 6.Nc3 e6 7.e3 Bg6 8.Bd2 Bd6 
9.Nh4 Bf7 10.e4 f5 11.e5 Qxh4 12.exd6 Qxd4 13.cxd5 Qe5+ 14.Be2 exd5 15.Nb5
cxb5 16.Bc3 Qe4 17.O-O Nf6 18.Bxb5+ Kf8 19.Re1 Qf4 20.Re7 Qxd6 21.Qe1 Nc6 
22.Rxb7 Re8 23.Qc1 Kg8 24.Bxf6 Qxf6 25.Qxc6 Qe5 26.Qc7 Qxc7 27.Rxc7 Rb8 
28.Rxa7 h5 29.a4 Rh6 30.Rc1 Re6 31.h3 g5 32.Rcc7 Rf6 33.b4 d4 34.Rxf7 Rxf7
35.Bc4 Rxb4 36.Bxf7+ Kf8 37.Bxh5 d3 38.Rf7+ Kg8 39.Rxf5 Rxa4 40.Rxg5+ Kh7 
41.Rd5 1-0

[Event "Euskadi ch"]
[Site "Zornotza"]
[Date "2012.04.11"]
[Round "3"]
[White "Perez Fernandez, Modesto"]
[Black "Gomez Calvo, Jose Ricardo"]
[Result "1-0"]
[WhiteElo "2056"]
[BlackElo "1943"]

1.e4 e6 2.d4 d5 3.Nd2 h6 4.Ngf3 Nf6 5.Bd3 c5 6.exd5 Nxd5 7.dxc5 Bxc5 8.O-O
Nc6 9.Ne4 Be7 10.c3 Qc7 11.Bc4 Nf6 12.Qe2 Bd7 13.Rd1 Ne5 14.Nxe5 Qxe5 15.
Nxf6+ gxf6 16.Qxe5 fxe5 17.Re1 Bc6 18.Rxe5 O-O-O 19.Be3 Rdg8 20.g3 h5 21.
Bxa7 h4 22.Bf1 hxg3 23.fxg3 Bd6 24.Re2 Bf3 25.Re3 Bc6 26.Bg2 Kc7 27.Bd4 
Rh5 28.Bxc6 Kxc6 29.Rae1 Kd5 30.Rd3 Kc4 31.Red1 e5 32.b3+ Kb5 33.Bf2 Bc7 
34.Rd5+ Kc6 35.Rc5+ 1-0

[Event "Euskadi ch"]
[Site "Zornotza"]
[Date "2012.04.12"]
[Round "4"]
[White "Gomez Esteban, Juan Mario"]
[Black "Franco Alonso, Alejandro"]
[Result "1/2-1/2"]
[WhiteElo "2471"]
[BlackElo "2449"]

1.d4 Nf6 2.c4 g6 3.g3 c6 4.Bg2 d5 5.cxd5 cxd5 6.Nc3 Bg7 7.Nf3 O-O 8.Ne5 
Bf5 9.O-O Ne4 10.Nxe4 Bxe4 11.Bxe4 dxe4 12.Qa4 Qd5 13.Rd1 Rd8 14.Bf4 Nd7 
15.Nxd7 Rxd7 16.Rac1 b6 17.Be3 Rad8 18.Rd2 h5 19.h4 Bf6 20.b3 Kg7 21.Qc6 
Qf5 22.Kg2 Rd5 23.Rdc2 Qg4 24.f3 exf3+ 25.exf3 Qf5 26.Qc7 Bxd4 27.Qxe7 
Bxe3 28.Qxe3 Rd3 29.Qf2 g5 30.hxg5 Qxg5 31.Re1 h4 32.Ree2 R8d4 33.Rc4 Rxc4
34.bxc4 hxg3 35.Qxg3 Kf6 36.Qxg5+ Kxg5 37.Kg3 Ra3 38.Rc2 Ra5 39.Rd2 Kf5 
40.Re2 f6 41.Rd2 Ke5 42.Kg4 Ra4 43.Re2+ Kd4 44.Kf5 Kd3 45.Rh2 Rxc4 46.f4 
Rc6 47.Rh6 Ke3 48.Rxf6 Rxf6+ 49.Kxf6 Kxf4 50.Ke6 Ke4 51.Kd6 Kd4 52.Kc6 Kc4
53.Kb7 a5 54.Kxb6 Kb4 55.a3+ Ka4 56.Ka6 Kxa3 57.Kxa5 1/2-1/2

[Event "Euskadi ch"]
[Site "Zornotza"]
[Date "2012.04.12"]
[Round "4"]
[White "Gonzalez De La Torre, Santiago"]
[Black "Huerga Leache, Mikel"]
[Result "1/2-1/2"]
[WhiteElo "2440"]
[BlackElo "2436"]

1.d4 Nf6 2.c4 c6 3.Nc3 d5 4.Nf3 a6 5.e3 b5 6.c5 Nbd7 7.a3 g6 8.Bd3 Bg7 9.
O-O O-O 10.e4 dxe4 11.Nxe4 Qc7 12.Bg5 Nxe4 13.Bxe4 Nf6 1/2-1/2

[Event "Euskadi ch"]
[Site "Zornotza"]
[Date "2012.04.12"]
[Round "4"]
[White "Etchegaray, Patrice"]
[Black "Arias Garcia, Luis Javier"]
[Result "1/2-1/2"]
[WhiteElo "2408"]
[BlackElo "2168"]

1.e4 e5 2.Bc4 Nc6 3.Nc3 Bc5 4.d3 Nf6 5.f4 d6 6.Nf3 Bg4 7.Na4 Bxf3 8.Qxf3 
Nd4 9.Qd1 b5 10.Bxf7+ Kxf7 11.Nxc5 dxc5 12.fxe5 Nd7 13.O-O+ Kg8 14.c3 Nxe5
15.cxd4 Qxd4+ 16.Kh1 h6 17.Qh5 Nxd3 18.Qf7+ Kh7 19.Qf5+ g6 20.Qf7+ Qg7 21.
Qb3 Nxc1 22.Raxc1 Rhf8 23.Qxb5 Rxf1+ 24.Rxf1 Rf8 25.Rxf8 Qxf8 26.Qd7+ Kh8 
27.Kg1 Qd6 28.Qa4 Kg7 29.Qc2 Qd4+ 30.Kf1 Kf6 31.Qf2+ Ke6 32.Qe2 Ke5 33.Qc2
c4 34.Qa4 Qd3+ 35.Kf2 Qd2+ 36.Kf3 Qf4+ 37.Ke2 Qxe4+ 38.Kf2 Qd4+ 39.Kf3 
Qd3+ 40.Kf2 Qd2+ 41.Kf3 Qf4+ 42.Ke2 Qg4+ 43.Kf2 Qd4+ 44.Kf3 1/2-1/2

[Event "Euskadi ch"]
[Site "Zornotza"]
[Date "2012.04.12"]
[Round "4"]
[White "Villalta Bustillo, Igor"]
[Black "Astasio Lopez, David"]
[Result "0-1"]
[WhiteElo "2185"]
[BlackElo "2327"]

1.Nf3 Nf6 2.d4 d5 3.e3 Bf5 4.Bd3 Bg6 5.O-O e6 6.Ne5 Nbd7 7.Nxg6 hxg6 8.c4 
Bd6 9.g3 c6 10.Nc3 dxc4 11.Bxc4 Nb6 12.Be2 e5 13.dxe5 Bxe5 14.f4 Bd6 15.
Qc2 Qe7 16.Bf3 Bc5 17.Kg2 O-O-O 18.a3 Nc4 19.Re1 Bxe3 20.Nd1 Rxd1 21.Bxd1 
Qc5 22.Bf3 Bg1 23.h4 Ne3+ 24.Bxe3 Qxc2+ 25.Kxg1 Kb8 26.b4 Re8 27.Bd4 Ne4 
28.Bxe4 Rxe4 29.Rxe4 Qxe4 30.Bxg7 Qe3+ 31.Kh2 Qe2+ 32.Kh3 Qe6+ 33.Kh2 f6 
34.Rg1 Qf7 0-1

[Event "Euskadi ch"]
[Site "Zornotza"]
[Date "2012.04.12"]
[Round "4"]
[White "Martin Alvarez, Iñigo"]
[Black "Ruiz Abad, Juan Manuel"]
[Result "1-0"]
[WhiteElo "2265"]
[BlackElo "1980"]

1.e4 c5 2.Nc3 Nc6 3.Nf3 e5 4.Bc4 Be7 5.d3 Nf6 6.Nd2 O-O 7.Nf1 d6 8.Ne3 Be6
9.O-O Nd4 10.a4 Nd7 11.Ncd5 Bg5 12.Kh1 Kh8 13.Ba2 Nb6 14.c3 Bxe3 15.fxe3 
Nc6 16.d4 Ne7 17.Nxb6 Qxb6 18.d5 Bd7 19.Bc4 Qd8 20.Bd2 Ng6 21.Bd3 Qg5 22.
b4 b6 23.Ra2 Rac8 24.Qe2 Qh4 25.Be1 Qg4 26.b5 Qxe2 27.Bxe2 f5 28.exf5 Bxf5
29.a5 Ne7 30.c4 Bg4 31.Rxf8+ Rxf8 32.Kg1 Bxe2 33.Rxe2 Rf7 34.axb6 axb6 35.
Ra2 Kg8 36.Ra8+ Rf8 37.Ra7 Nc8 38.Rc7 g5 39.g4 h6 40.Kg2 Re8 41.Kf3 Kf8 
42.Ke4 Ne7 43.Rb7 Nc8 44.Rh7 Kg8 45.Rc7 Rf8 46.h3 Kh8 47.h4 Kg8 48.hxg5 
hxg5 49.Bg3 Kh8 50.Rd7 Kg8 51.Rc7 Kh8 52.Kd3 Kg8 53.Be1 Re8 54.Rd7 Kh8 55.
Bd2 e4+ 56.Ke2 Kg8 57.Bc3 Ne7 58.Rxd6 1-0

[Event "Euskadi ch"]
[Site "Zornotza"]
[Date "2012.04.12"]
[Round "4"]
[White "Prieto Aranguren, Alain"]
[Black "Diez Fraile, David"]
[Result "1/2-1/2"]
[WhiteElo "2219"]
[BlackElo "2185"]

1.Nf3 Nf6 2.c4 c5 3.Nc3 e6 4.g3 b6 5.Bg2 Bb7 6.O-O Be7 7.Re1 d6 8.e4 a6 9.
d4 cxd4 10.Nxd4 Qc8 11.Qe2 O-O 12.Be3 Nbd7 13.f4 Re8 14.Bf2 e5 15.Nf5 Bf8 
16.Rad1 exf4 17.gxf4 Nc5 18.Nxd6 Bxd6 19.Rxd6 Ncxe4 20.Nxe4 Bxe4 21.Rxf6 
gxf6 22.Bxe4 f5 23.Bd4 Rxe4 24.Qg2+ Kf8 25.Bg7+ Ke8 26.Rxe4+ fxe4 27.Qxe4+
Kd7 28.Qd5+ Ke8 29.Qe4+ Kd7 30.Qd5+ Ke8 31.Qe4+ 1/2-1/2

[Event "Euskadi ch"]
[Site "Zornotza"]
[Date "2012.04.12"]
[Round "4"]
[White "Mindeguia Guruceaga, Juan Jesus"]
[Black "Ladron De Guevara Galar, Fco Ja"]
[Result "0-1"]
[WhiteElo "2234"]
[BlackElo "2139"]

1.e4 e5 2.Nf3 Nc6 3.Bc4 Nf6 4.Ng5 d5 5.exd5 Na5 6.Bb5+ c6 7.dxc6 bxc6 8.
Be2 h6 9.Nf3 e4 10.Ne5 Bd6 11.d4 exd3 12.Nxd3 Qc7 13.b3 O-O 14.Bb2 Ne4 15.
Nc3 f5 16.h3 Ba6 17.O-O Rad8 18.Qe1 Rfe8 19.Nxe4 fxe4 20.Nc1 Bc8 21.Bh5 
Re7 22.Ne2 Ba6 23.c4 Nb7 24.Nd4 Be5 25.Rd1 c5 26.Nf5 Bxb2 27.Qe2 Bd4 28.
Qg4 Kh8 29.Qg6 Rd6 30.Qg3 Qd7 31.Qf4 Rf6 32.Qb8+ Nd8 33.Bg4 Qc7 34.Qa8 Bb7
35.Qxa7 Ra6 0-1

[Event "Euskadi ch"]
[Site "Zornotza"]
[Date "2012.04.12"]
[Round "4"]
[White "Albo Ruiz, Jose Martin"]
[Black "Perez De Miguel, Alvaro"]
[Result "1-0"]
[WhiteElo "1890"]
[BlackElo "2190"]

1.c4 f5 2.d4 Nf6 3.Nc3 g6 4.g3 Bg7 5.Bg2 O-O 6.Qb3 c6 7.Nf3 d6 8.O-O Kh8 
9.Re1 Nh5 10.Bd2 Qc7 11.e4 f4 12.e5 Bg4 13.exd6 exd6 14.Ne2 fxg3 15.hxg3 
Na6 16.Bf4 Rae8 17.c5 Nxf4 18.Nxf4 dxc5 19.Rxe8 Rxe8 20.Ng5 Re7 21.d5 c4 
22.Qxc4 cxd5 23.Nxg6+ hxg6 24.Qxg4 Bxb2 25.Rd1 Qc2 26.Bf3 Nc7 27.Kg2 Kg8 
28.Qc8+ Kg7 29.Rh1 Kf6 30.Qf8+ 1-0

[Event "Euskadi ch"]
[Site "Zornotza"]
[Date "2012.04.12"]
[Round "4"]
[White "Uriarte Prieto, Goyo"]
[Black "Alcaide Luque, Aitor"]
[Result "1/2-1/2"]
[WhiteElo "2039"]
[BlackElo "2135"]

1.e4 e6 2.d4 d5 3.e5 c5 4.c3 Nc6 5.Nf3 Bd7 6.Be2 Nge7 7.O-O Ng6 8.a3 Be7 
9.b4 cxd4 10.cxd4 O-O 11.Nc3 f6 12.Bd3 Be8 13.exf6 Bxf6 14.Be3 Rc8 15.Rc1 
Nh4 16.Nxh4 Bxh4 17.Qg4 Bf7 18.Qh3 g6 19.Nxd5 exd5 20.b5 Bf6 21.bxc6 Rxc6 
22.Rxc6 bxc6 23.Rc1 Qd6 24.Bf1 Be6 25.Qg3 Qd7 26.Bh6 Re8 27.Qf4 Be7 28.Qe5
Bxa3 29.Rxc6 Bf5 30.Qf6 Qe7 31.Qxe7 Rxe7 32.Be3 a5 33.g3 Rb7 34.f3 Bd7 35.
Rc2 a4 36.Bd3 Bb2 37.Rc5 a3 38.Bb1 Bxd4 39.Bxd4 Rxb1+ 40.Kf2 Be6 41.Ra5 
Rb3 42.g4 Rd3 43.Bc5 Rd2+ 44.Ke3 Rxh2 45.Bxa3 h5 46.Ra8+ Kg7 47.Bd6 
1/2-1/2

[Event "Euskadi ch"]
[Site "Zornotza"]
[Date "2012.04.12"]
[Round "4"]
[White "Cucarella Montell, Angels"]
[Black "Perez Fernandez, Modesto"]
[Result "1/2-1/2"]
[WhiteElo "1950"]
[BlackElo "2056"]

1.e4 c5 2.Nf3 e6 3.d4 cxd4 4.Nxd4 Nc6 5.Nc3 Qc7 6.g3 a6 7.Bg2 d6 8.O-O Bd7
9.Nb3 Be7 10.Kh1 Nf6 11.f4 O-O 12.g4 h6 13.g5 hxg5 14.fxg5 Nh7 15.Qh5 g6 
16.Qg4 Qd8 17.h4 Ne5 18.Qg3 Nc4 19.Nd2 Rc8 20.Nf3 Qb6 21.Nh2 Ne5 22.Ng4 
Nxg4 23.Qxg4 Bc6 24.h5 Bd7 25.Nd5 Qd8 26.Nxe7+ Qxe7 27.Qh4 Rxc2 28.Be3 Re2
29.Rf3 e5 30.Raf1 Rxe3 31.Rxe3 Qxg5 32.Qxg5 Nxg5 33.hxg6 fxg6 34.Rxf8+ 
Kxf8 35.Rg3 Ne6 36.Rxg6 Kf7 37.Rg3 Bc6 38.b4 Nf4 39.Re3 Nxg2 40.Kxg2 d5 
41.exd5 Bxd5+ 42.Kf2 Bxa2 43.Rxe5 Kf6 44.Rh5 Ke6 45.Ke3 Kd6 46.Rh6+ Ke5 
47.Rh5+ Kd6 48.Kd4 Kc6 49.Rh2 Bg8 50.Rg2 Bb3 51.Kc3 Bd5 52.Rg6+ Kb5 53.Rg5
Kc6 54.Kd4 Ba2 1/2-1/2

[Event "Euskadi ch"]
[Site "Zornotza"]
[Date "2012.04.12"]
[Round "4"]
[White "Diaz Herrero, Alvaro"]
[Black "Martinez Pelaez, David"]
[Result "1-0"]
[WhiteElo "2132"]
[BlackElo "1987"]

1.Nf3 d5 2.g3 Nf6 3.Bg2 c6 4.O-O Bf5 5.c4 e6 6.d4 Nbd7 7.Qb3 Qb6 8.Nc3 Be7
9.c5 Qxb3 10.axb3 O-O 11.b4 Ne4 12.Nd2 Nxd2 13.Bxd2 a6 14.e3 Rfe8 15.Rfe1 
Bf6 16.f4 h5 17.h3 g6 18.Kh2 Kg7 19.Ra3 Rh8 20.Bf3 Rac8 21.Kg2 Bd8 22.g4 
hxg4 23.hxg4 Be4 24.Nxe4 dxe4 25.Bxe4 Bc7 26.g5 Rh4 27.Rh1 Rxh1 28.Kxh1 f6
29.Bg2 Rh8+ 30.Kg1 Rh4 31.b5 cxb5 32.gxf6+ Kxf6 33.Bxb7 Nb8 34.Ba5 Bxa5 
35.Rxa5 Kf5 36.Kg2 Rh7 37.Bf3 g5 38.fxg5 Kxg5 39.b4 Kf5 40.Ra1 Rc7 41.Rh1 
Nc6 42.Bxc6 Rxc6 43.Kf3 Rc8 44.Rh7 Ra8 45.Rf7+ Kg6 46.Rf4 a5 47.bxa5 Rxa5 
48.Ke4 b4 49.Ke5 b3 50.Rf1 b2 51.Rb1 Ra3 52.Kxe6 Rxe3+ 53.Kd6 1-0

[Event "Euskadi ch"]
[Site "Zornotza"]
[Date "2012.04.12"]
[Round "4"]
[White "Gomez Calvo, Jose Ricardo"]
[Black "Hernandez Perez, Jesus"]
[Result "0-1"]
[WhiteElo "1943"]
[BlackElo "2022"]

1.Nf3 Nf6 2.d4 d5 3.e3 e6 4.Bd3 c5 5.b3 Nc6 6.Bb2 Bd6 7.Nbd2 cxd4 8.exd4 
O-O 9.O-O b6 10.a3 Bb7 11.Ne5 Rc8 12.Qf3 Qc7 13.Rfe1 Be7 14.Qh3 g6 15.Qh6 
Nxe5 16.dxe5 Ne4 17.Bxe4 dxe4 18.c4 Rfd8 19.Nf1 Bf8 20.Qf4 Rd3 21.b4 f5 
22.Ne3 Qe7 23.h4 Rcd8 24.Re2 R8d7 25.Rc1 Qd8 26.Bc3 h6 27.Qg3 Kh7 28.f4 
exf3 29.gxf3 Be7 30.Rg2 Qe8 31.Qf4 Bf8 32.Kf2 Rg7 33.Ke2 Qd8 34.Rg3 Be7 
35.Rh3 g5 36.Qh2 g4 37.fxg4 fxg4 38.Nxg4 Rxc3 39.Rcxc3 Rxg4 40.Rhg3 Re4+ 
41.Rge3 Qd4 42.Qf2 Rxe3+ 43.Rxe3 Qxc4+ 44.Ke1 Bxh4 0-1

[Event "Euskadi ch"]
[Site "Zornotza"]
[Date "2012.04.13"]
[Round "5"]
[White "Huerga Leache, Mikel"]
[Black "Gomez Esteban, Juan Mario"]
[Result "1-0"]
[WhiteElo "2436"]
[BlackElo "2471"]

1.d4 Nf6 2.c4 e6 3.g3 Bb4+ 4.Bd2 Be7 5.Bg2 d5 6.Nf3 O-O 7.O-O c6 8.Qc2 
Nbd7 9.Bf4 Nh5 10.Bc1 Nhf6 11.Bf4 Nh5 12.Bc1 Nhf6 13.b3 b6 14.Nc3 Bb7 15.
Rd1 Rc8 16.e4 Ba8 17.e5 Ne8 18.cxd5 cxd5 19.Qd3 Nc7 20.h4 h6 21.Nh2 Bb7 
22.Ng4 Ba6 23.Qf3 f5 24.exf6 Nxf6 25.Bf4 Qe8 26.Nxf6+ Bxf6 27.Qe3 Nb5 28.
Nxb5 Bxb5 29.Bd6 Rf7 30.Bh3 Rc6 31.Bf4 Re7 32.Qf3 Qf7 33.Qe3 Rc2 34.a4 Bd7
35.Bg2 Re8 36.Rac1 Rec8 37.Rxc2 Rxc2 38.Bf1 Rc8 39.Bd3 Qh5 40.Re1 Qg4 41.
Bb1 Kf7 42.Qd3 b5 43.axb5 Qh5 44.Bd6 Qg4 45.Kg2 Qh5 46.Re3 Rc1 47.Rf3 Ke8 
48.Ba3 Rxb1 49.Qxb1 Bxb5 50.Qc1 Kd7 51.Rc3 Bd8 52.Qf4 Qf5 53.Qd6+ Ke8 54.
Re3 Bd7 55.Rf3 1-0

[Event "Euskadi ch"]
[Site "Zornotza"]
[Date "2012.04.13"]
[Round "5"]
[White "Franco Alonso, Alejandro"]
[Black "Martin Alvarez, Iñigo"]
[Result "1-0"]
[WhiteElo "2449"]
[BlackElo "2265"]

1.c4 c6 2.Nf3 Nf6 3.Nc3 d5 4.e3 a6 5.Qc2 g6 6.d4 Bg7 7.a4 O-O 8.Be2 a5 9.
Qb3 Na6 10.cxd5 cxd5 11.Bd2 Be6 12.Nb5 Ne4 13.Bc3 Nac5 14.Qa2 Nxc3 15.bxc3
Ne4 16.O-O Rc8 17.Rfc1 Nd6 18.Ng5 Qd7 19.Nxe6 Qxe6 20.Bf3 Nc4 21.Rab1 b6 
22.Na3 Qd6 23.Nb5 Qd7 24.g3 e6 25.Be2 h5 26.e4 Bh6 27.Rd1 Rfe8 28.e5 Bf8 
29.Bd3 Kg7 30.Qe2 Red8 31.Ra1 Be7 32.f4 Rh8 33.h3 Rh7 34.Kg2 Qb7 35.Rh1 
Qa8 36.Rhf1 Qb7 37.Rf2 Qa8 38.Kf1 Qb7 39.Ke1 Qa8 40.Kd1 Qb7 41.Kc2 Qc6 42.
Kb3 Qd7 43.g4 hxg4 44.hxg4 Rh3 45.f5 Re3 46.f6+ Kg8 47.Rh1 Rxe2 48.Rxe2 
Bf8 49.Reh2 Bg7 50.Rh7 1-0

[Event "Euskadi ch"]
[Site "Zornotza"]
[Date "2012.04.13"]
[Round "5"]
[White "Astasio Lopez, David"]
[Black "Gonzalez De La Torre, Santiago"]
[Result "1-0"]
[WhiteElo "2327"]
[BlackElo "2440"]

1.d4 Nf6 2.Nf3 c5 3.e3 e6 4.c4 cxd4 5.exd4 d5 6.Nc3 Be7 7.Be2 O-O 8.O-O 
Nc6 9.Ne5 dxc4 10.Nxc6 bxc6 11.Qa4 Qb6 12.Qxc4 Rd8 13.Rd1 Nd5 14.Na4 Qb5 
15.Qxb5 cxb5 16.Bxb5 Rb8 17.Bc4 Bd7 18.Nc5 Bc6 19.Bb3 a5 20.Nd3 a4 21.Ne5 
Be8 22.Bc4 Kf8 23.Kf1 Nb4 24.Be3 Rdc8 25.b3 Nxa2 26.Ba6 Rc2 27.bxa4 Bxa4 
28.Rdb1 Bd6 29.Rxb8+ Bxb8 30.Bd3 Bxe5 31.Bxc2 Bxc2 32.dxe5 Bb3 33.Bd2 f6 
34.f4 fxe5 35.fxe5 Kf7 36.Kf2 Kg6 37.g4 h5 38.Rg1 hxg4 39.Rxg4+ Kf7 40.Ke3
Bd5 41.Kf4 Bb3 42.Kg5 Bd5 43.Ra4 Bb3 44.Ra7+ Kf8 45.Rb7 Bd5 46.Rc7 Kg8 47.
Rd7 Bb3 48.Rd8+ Kf7 49.Ra8 Bd5 50.Ra7+ Kf8 51.Kf4 Kg8 52.h4 Kf8 53.Ke3 Kg8
54.Kd3 Kh7 55.h5 1-0

[Event "Euskadi ch"]
[Site "Zornotza"]
[Date "2012.04.13"]
[Round "5"]
[White "Prieto Aranguren, Alain"]
[Black "Etchegaray, Patrice"]
[Result "0-1"]
[WhiteElo "2219"]
[BlackElo "2408"]

1.d4 Nf6 2.c4 c5 3.d5 g6 4.Nc3 Bg7 5.e4 d6 6.Bd3 O-O 7.Nf3 e6 8.O-O Na6 9.
h3 Nc7 10.a4 e5 11.Be3 b6 12.Qd2 Nh5 13.Ne1 f5 14.exf5 gxf5 15.Bg5 Qe8 16.
Nc2 a6 17.Be2 Nf6 18.f4 e4 19.Ne3 Bd7 20.Rfb1 Qg6 21.b4 Rfb8 22.bxc5 bxc5 
23.Rxb8+ Rxb8 24.Rb1 Qe8 25.Rb2 Rb4 26.Rxb4 cxb4 27.Ncd1 a5 28.c5 dxc5 29.
Bc4 Kh8 30.d6 Ne6 31.Nxf5 Nxg5 32.Nxg7 Nxh3+ 33.gxh3 Kxg7 34.Ne3 Qh5 35.f5
Qxh3 36.Bb5 Qg3+ 37.Kh1 Qe5 38.Ng4 e3 39.Nxe3 Kf8 40.Nf1 Qe4+ 41.Kh2 Qh4+ 
42.Kg2 Bxf5 43.Ng3 Qh3+ 44.Kf3 Qg4+ 45.Kg2 Bd7 46.Qh6+ Kf7 47.Bc4+ Qxc4 
0-1

[Event "Euskadi ch"]
[Site "Zornotza"]
[Date "2012.04.13"]
[Round "5"]
[White "Diez Fraile, David"]
[Black "Arias Garcia, Luis Javier"]
[Result "0-1"]
[WhiteElo "2185"]
[BlackElo "2168"]

1.d4 Nf6 2.Nf3 b6 3.Bg5 e6 4.e4 h6 5.Bxf6 Qxf6 6.Nc3 Bb7 7.Bd3 d6 8.Qe2 g6
9.O-O-O Bg7 10.Rhe1 O-O 11.Kb1 Qe7 12.h4 c5 13.d5 e5 14.g4 a6 15.Qe3 b5 
16.Bf1 Nd7 17.Ne2 Bc8 18.Bh3 Nb6 19.Rg1 Bd7 20.Rg3 Na4 21.g5 h5 22.Bxd7 
Qxd7 23.Nd2 Rfc8 24.c4 Rcb8 25.Nc3 Nb6 26.Qd3 b4 27.Ne2 Na4 28.Ka1 Rb7 29.
Rc1 a5 30.Re1 Kh7 31.Reg1 Rbb8 32.Nb3 Rf8 33.Nd2 Qa7 34.Nf3 Qa6 35.Rc1 Ra7
36.Neg1 Kh8 37.Nh3 Re8 38.Nfg1 Bf8 39.Rf3 Kg8 40.Ne2 Qc8 41.Rg3 Be7 42.Rf1
Nb6 43.Re1 Rf8 44.f4 exf4 45.Nexf4 Bd8 46.e5 dxe5 47.Rxe5 Bc7 48.Re7 Bxf4 
49.Rxa7 Bxg3 50.Qxg3 Nxc4 51.b3 Na3 52.Re7 Qf5 0-1

[Event "Euskadi ch"]
[Site "Zornotza"]
[Date "2012.04.13"]
[Round "5"]
[White "Ruiz Abad, Juan Manuel"]
[Black "Villalta Bustillo, Igor"]
[Result "0-1"]
[WhiteElo "1980"]
[BlackElo "2185"]

1.e4 e6 2.d4 d5 3.exd5 exd5 4.Nf3 Nf6 5.c4 Bb4+ 6.Nc3 O-O 7.Qb3 Qe7+ 8.Be3
dxc4 9.Bxc4 Nc6 10.a3 Bxc3+ 11.Qxc3 Be6 12.Bd3 Nd5 13.Qd2 Nxe3 14.fxe3 Bd5
15.O-O Rae8 16.Rae1 f5 17.Qf2 g6 18.Qg3 Qg7 19.Nd2 f4 20.Rxf4 Rxf4 21.Qxf4
Nxd4 22.e4 Ne6 23.Qe3 Bc6 24.e5 Kh8 25.Bc4 a6 26.Rf1 g5 27.g3 Nf4 28.h4 
Rxe5 29.Qc3 b5 30.Bd3 gxh4 31.Qxc6 Qxg3+ 32.Kh1 Qh3+ 33.Kg1 Rg5+ 34.Kf2 
Qg3# 0-1

[Event "Euskadi ch"]
[Site "Zornotza"]
[Date "2012.04.13"]
[Round "5"]
[White "Ladron De Guevara Galar, Fco Ja"]
[Black "Albo Ruiz, Jose Martin"]
[Result "1-0"]
[WhiteElo "2139"]
[BlackElo "1890"]

1.d4 Nf6 2.Nf3 e6 3.e3 d5 4.c4 c5 5.Nc3 a6 6.cxd5 exd5 7.Bd3 Nc6 8.h3 Bd6 
9.O-O O-O 10.dxc5 Bxc5 11.Ne2 Re8 12.a3 Bf8 13.b4 g6 14.Bb2 Bg7 15.Rc1 Bd7
16.Qb3 Ne7 17.Rfd1 Rc8 18.Nf4 Rxc1 19.Rxc1 Bc6 20.Rd1 Qa8 21.Bd4 Qc8 22.
Qb2 Nh5 23.Nxh5 Bxd4 24.Nxd4 gxh5 25.Rc1 Qd7 26.Qe2 h4 27.Qh5 Ng6 28.Bxa6 
Re5 29.Qf3 Ba4 30.Bd3 Rg5 31.Qf6 Qe7 32.Rc8+ 1-0